| 000 | 00374cam a22001337a 4500 | ||
|---|---|---|---|
| 008 | 180718b1965 xxu||||| |||| 00| 0 eng d | ||
| 082 | _aL69x54 V555 | ||
| 100 | _aVenkataraman, K. | ||
| 245 |
_aLocal finance in perspective _cby K. Venkataraman |
||
| 260 |
_aBombay _bAsia _c1965 |
||
| 300 | _a63p. | ||
| 650 | _aFinancial management - India | ||
| 650 | _aLocal finance - India | ||
| 999 |
_c491976 _d491976 |
||